| 000 | 00609nam a22001937a 4500 | ||
|---|---|---|---|
| 003 | OSt | ||
| 005 | 20250711081101.0 | ||
| 008 | 250711b |||||||| |||| 00| 0 eng d | ||
| 020 | _a9788189922955 | ||
| 040 |
_aDWCL - Main lib _cOC |
||
| 082 | _aCirc. 624.193 T841t 2014 | ||
| 100 | _aTrivedi, Nimish | ||
| 245 |
_aTunnel engineering/ _cNimish Trivedi |
||
| 260 |
_aNew Delhi, India : _bVenus Books, _c c2014. |
||
| 300 |
_aviii, 304 pages : _b illustrations ; _c 23 cm. |
||
| 504 | _aIncludes bibliographical references and index. | ||
| 650 | _a1. Tunnels-- Engineering. | ||
| 942 |
_2ddc _cBK-CIRC _kCirc. _n0 |
||
| 999 |
_c3628 _d3628 |
||